Los padres son maestros: programa de manejo infantil

保存先:
書誌詳細
第一著者: Becker, Wesley C (著者)
フォーマット: 図書
言語:スペイン語
出版事項: Ciudad de México Trillas 1989
版:2a. ed
主題:
タグ: タグ追加
タグなし, このレコードへの初めてのタグを付けませんか!

MARC

LEADER 00000nam a2200000 a 4500
001 UCN1960
003 CL-VaPUC
008 010504e19890000MX |||||||||||||||||spa|d
082 0 4 |a 371.102  |b BEC  |2 21 
100 0 |a Becker, Wesley C  |e author  |9 457561 
245 1 4 |a Los padres son maestros: programa de manejo infantil 
250 |a 2a. ed 
300 |a 184 p 
942 |c BK 
945 |d 20010504 00:00:00  |a cmena 
260 |a Ciudad de México  |b Trillas  |c 1989 
650 7 |a RELACIONES PADRES-HIJOS  |2 CL-VaPUC  |9 308185 
650 0 |a Métodos de enseñanza  |9 270413 
650 0 |a Psicología educacional   |9 307830 
583 |a last modification  |c 20010504 00:00:00  |k Rodrigo Vera 
999 |c 295182  |d 295180 
952 |0 0  |1 0  |4 0  |6 371_102000000000000_BEC_1989  |7 0  |8 P  |9 348115  |a BIBEDU  |b BIBEDU  |c BIBEDU_PB  |d 2019-11-20  |i 3718387  |o 371.102 BEC 1989  |p 3718387  |r 2024-01-25  |w 2019-11-20  |y BK  |k EPE